000 00177 a2200097 4500
020 _a1586531743
041 _aspa
100 _aJames, Sylvia m
245 _aEl salmon
942 _cBK
999 _c2529
_d2529